Ο αργαλειός : μια παραδοσιακή λαϊκή τέχνη ; το ζωντανό κομμάτι του Ελληνικού σπιτιού μέχρι τα μέσα του περασμένου αιώνα
Αποθηκεύτηκε σε:
| Κύριος συγγραφέας: | |
|---|---|
| Μορφή: | Βιβλίο |
| Γλώσσα: | Greek |
| Δημοσίευση: |
Αθήνα :
[χ.ό.],
2006.
|
| Έκδοση: | 2η έκδ. |
| Θέματα: | |
| Ετικέτες: |
Προσθήκη ετικέτας
Δεν υπάρχουν, Καταχωρήστε ετικέτα πρώτοι!
|
MARC
| LEADER | 00000cam a2200000 i 4500 | ||
|---|---|---|---|
| 001 | 1/38394 | ||
| 008 | 061129s2006 gr | ||| |||| ||gre|| | ||
| 035 | |l 10086334 | ||
| 040 | |a GR-MY-UA |b gre |e aacr | ||
| 041 | 0 | |a gre | |
| 082 | 7 | |a 709.495 |2 (22) | |
| 100 | 1 | |a Στάμου, Δημήτριος Χρ. | |
| 245 | 1 | 2 | |a Ο αργαλειός : |h [ανάτυπο] |b μια παραδοσιακή λαϊκή τέχνη ; το ζωντανό κομμάτι του Ελληνικού σπιτιού μέχρι τα μέσα του περασμένου αιώνα / |c Δημητρίου Χρ. Στάμου. |
| 250 | |a 2η έκδ. | ||
| 260 | |a Αθήνα : |b [χ.ό.], |c 2006. | ||
| 300 | |a 23 σ. ; |c 24 εκ. | ||
| 500 | |a Ανάτυπο από την εφημερίδα "Πράμαντα". | ||
| 650 | 0 | 0 | |a Textile industry |z Greece. |
| 650 | 0 | 0 | |a Looms |z Greece. |
| 852 | |a INST |b RHODES |e 20061129 |h 709.495 ΣΤΑ |p 005400023822 |q 005400023822 |t BK |y 0 | ||
| 901 | |a BIBL4-2006-3 | ||
| 970 | |a ΚΟΖΑ |b ΜΑΡΙΑ |z 2006/11/29 | ||